[Event "Madrid Alcorcon op 1st"]
[Site "Madrid"]
[Date "2022.12.29"]
[Round "8"]
[White "Suarez Uriel, Adrian"]
[Black "Calvo Gonzalez, Jose Felix"]
[Result "1-0"]
[WhiteElo "2387"]
[BlackElo "2085"]
[PlyCount "97"]
[EventDate "2022.12.26"]
[EventType "swiss"]
[EventRounds "9"]
[EventCountry "ESP"]
[SourceTitle "CBM 212 Extra"]
[Source "ChessBase"]
[SourceDate "2023.03.31"]
[SourceVersion "1"]
[SourceVersionDate "2023.03.31"]
[SourceQuality "1"]

1. e4 e5 2. Nf3 Nc6 3. Bc4 Bc5 4. 0-0 Nf6 5. d3 a6 6. a4 d6 7. c3 Ba7 8. Nbd2 h6 9. Re1 0-0 10. h3 Ne7 11. Nf1 Ng6 12. b4 Be6 13. Bxe6 fxe6 14. Ra2 Qd7 15. Be3 Bxe3 16. Rxe3 a5 17. b5 c6 18. Rb2 c5 19. Qb3 b6 20. N1d2 Rae8 21. Nc4 Qc7 22. d4 exd4 23. cxd4 cxd4 24. Nxd4 d5 25. exd5 exd5 26. Rxe8 Rxe8 27. Ne3 Qc1+ 28. Kh2 Qc7+ 29. g3 Qe5 30. Nc6 Qe4 31. Rd2 Ne5 32. Nxe5 Rxe5 33. Qc3 Rh5 34. Qc8+ Kh7 35. Qc2 Re5 36. Qd1 Qb4 37. Kg1 Re4 38. Ra2 d4 39. Ng2 Qc4 40. Ra3 Qe6 41. Rf3 Kh8 42. Qd3 Qd5 43. Kh2 Re8 44. Nh4 Qe4 45. Qd2 Rc8 46. Rf4 Rc2 47. Qd1 Qe2 48. Qxd4 Rc1 49. Rxf6 1-0

[Event "ESP-ch U14 Rapid"]
[Site "Salobrena"]
[Date "2022.07.24"]
[Round "9"]
[White "Fuentes Guinot, Alejandro"]
[Black "Calvo Gonzalez, Jose Felix"]
[Result "0-1"]
[WhiteElo "1601"]
[BlackElo "1681"]
[PlyCount "118"]
[EventDate "2022.07.23"]
[EventType "swiss (rapid)"]
[EventRounds "9"]
[EventCountry "ESP"]
[SourceTitle "EXT 2023"]
[Source "ChessBase"]
[SourceDate "2022.10.05"]
[SourceVersion "1"]
[SourceVersionDate "2022.10.05"]
[SourceQuality "1"]

1. d4 Nf6 2. Bf4 d5 3. e3 c5 4. c3 Nc6 5. Nd2 e6 6. Ngf3 Bd6 7. Bg3 0-0 8. Bd3 Re8 9. Ne5 Qc7 10. f4 b6 11. 0-0 a5 12. Qe2 Bb7 13. Bh4 Be7 14. Bg3 Nxe5 15. fxe5 Ne4 16. Bxe4 dxe4 17. Qg4 cxd4 18. exd4 Qc6 19. Rae1 e3 20. Nf3 Ba6 21. Rxe3 Bxf1 22. Kxf1 a4 23. Bf4 Qc4+ 24. Re2 a3 25. b3 Qxc3 26. Kf2 Red8 27. Bd2 Qd3 28. Re3 Qb1 29. Re2 Rac8 30. Bg5 Qg6 31. Qf4 Bxg5 32. Nxg5 h6 33. Ne4 Rd5 34. Nd6 Rc2 35. Rxc2 Qxc2+ 36. Kg3 Qd3+ 37. Kf2 Qxd4+ 38. Qxd4 Rxd4 39. Ke3 Rxd6 40. exd6 Kf8 41. Kd4 Ke8 42. Kc4 Kd7 43. Kb4 Kxd6 44. Kxa3 Kc5 45. Kb2 e5 46. Kc2 Kd4 47. Kd2 f5 48. b4 b5 49. a3 Kc4 50. Kc2 h5 51. h4 f4 52. Kd2 e4 53. Ke2 Kb3 54. Kd2 Kxa3 55. Kc3 e3 56. Kd3 Kxb4 57. Ke2 Kc3 58. Ke1 Kd3 59. Kd1 b4 0-1

[Event "Madrid-ch U14"]
[Site "Madrid"]
[Date "2022.04.09"]
[Round "4"]
[White "Calvo Gonzalez, Jose Felix"]
[Black "Horcajuelo Rocamora, Martin"]
[Result "0-1"]
[WhiteElo "2078"]
[BlackElo "2212"]
[PlyCount "84"]
[EventDate "2022.04.02"]
[EventType "swiss"]
[EventRounds "6"]
[EventCountry "ESP"]
[SourceTitle "EXT 2024"]
[Source "ChessBase"]
[SourceDate "2023.10.10"]
[SourceVersion "1"]
[SourceVersionDate "2023.10.10"]
[SourceQuality "1"]

1. e4 c5 2. Nf3 d6 3. d4 cxd4 4. Nxd4 Nf6 5. Nc3 a6 6. Bc4 e6 7. 0-0 b5 8. Bb3 Be7 9. Qf3 Qb6 10. Rd1 b4 11. Nce2 0-0 12. c3 Bb7 13. Bc2 Nbd7 14. cxb4 Ne5 15. Qe3 Rfc8 16. Nc3 Qxb4 17. Nb3 Nc4 18. Qe2 a5 19. a3 Qb6 20. Na4 Qc7 21. Bd3 Ne5 22. Nc3 Nxd3 23. Qxd3 Qc4 24. Qxc4 Rxc4 25. f3 d5 26. exd5 Nxd5 27. Nxd5 Bxd5 28. Nd4 Rb8 29. Ne2 Bf6 30. Nf4 Bc6 31. Nd3 Ba4 32. Re1 Rd8 33. Nf2 Bd4 34. Re2 Rdc8 35. Be3 Bf6 36. Ne4 Be5 37. Bb6 Rc1+ 38. Rxc1 Rxc1+ 39. Kf2 Bb5 40. Rd2 f5 41. Ng5 Rf1+ 42. Ke3 f4+ 0-1

[Event "Madrid-ch U14"]
[Site "Madrid"]
[Date "2021.04.25"]
[Round "5"]
[White "Calvo Gonzalez, Jose Felix"]
[Black "Bravo De la Vega, Alvaro"]
[Result "1-0"]
[WhiteElo "1884"]
[BlackElo "2011"]
[PlyCount "83"]
[EventDate "2021.04.17"]
[EventType "swiss"]
[EventRounds "5"]
[EventCountry "ESP"]
[SourceTitle "EXT 2023"]
[Source "ChessBase"]
[SourceDate "2022.10.05"]
[SourceVersion "1"]
[SourceVersionDate "2022.10.05"]
[SourceQuality "1"]

1. e4 c5 2. Nf3 d6 3. d4 cxd4 4. Nxd4 Nf6 5. Nc3 a6 6. Bc4 e6 7. Bb3 Nbd7 8. 0-0 Nc5 9. Qe2 b5 10. a3 Bb7 11. Bg5 Be7 12. Bxf6 Bxf6 13. Rad1 Qb6 14. Ba2 Rc8 15. Qe3 Nd7 16. Nce2 Ne5 17. c3 Nc4 18. Bxc4 Rxc4 19. Nf5 Qxe3 20. Nxd6+ Ke7 21. fxe3 Rc7 22. e5 Bxe5 23. Rxf7+ Kd8 24. Nxb7+ Kc8 25. Rxc7+ Bxc7 26. Nc5 Bb6 27. Nxe6 Bxe3+ 28. Kf1 Re8 29. N2d4 Re7 30. Re1 Bh6 31. Re2 Rf7+ 32. Ke1 Rf6 33. b3 Bc1 34. a4 bxa4 35. bxa4 Bh6 36. Rf2 Rg6 37. Ke2 Kb7 38. a5 Rg4 39. Rf7+ Kc8 40. Rc7+ Kb8 41. Nc6+ Ka8 42. Ra7# 1-0

[Event "Madrid-ch U14"]
[Site "Madrid"]
[Date "2021.04.24"]
[Round "4"]
[White "Centeno Mendoza, Julio Stefano"]
[Black "Calvo Gonzalez, Jose Felix"]
[Result "1-0"]
[WhiteElo "2064"]
[BlackElo "1884"]
[PlyCount "77"]
[EventDate "2021.04.17"]
[EventType "swiss"]
[EventRounds "5"]
[EventCountry "ESP"]
[SourceTitle "EXT 2023"]
[Source "ChessBase"]
[SourceDate "2022.10.05"]
[SourceVersion "1"]
[SourceVersionDate "2022.10.05"]
[SourceQuality "1"]

1. e4 c5 2. c3 d5 3. exd5 Qxd5 4. d4 Nf6 5. Nf3 Nc6 6. Be2 Bf5 7. Na3 0-0-0 8. dxc5 Qxd1+ 9. Bxd1 Ne4 10. Bc2 e6 11. Bxe4 Bxe4 12. Be3 Bxf3 13. gxf3 Rd5 14. b4 Rf5 15. Ke2 Be7 16. Nc4 Ne5 17. Nxe5 Rxe5 18. f4 Rf5 19. Rad1 Bf6 20. c4 Re8 21. Rd3 Rd8 22. Ra3 Kb8 23. c6 bxc6 24. Bxa7+ Kb7 25. Be3 Ra8 26. Rxa8 Kxa8 27. a4 Kb7 28. b5 Bd8 29. b6 Ra5 30. c5 Rxa4 31. Rd1 Bf6 32. Rd7+ Kc8 33. Rxf7 Bd4 34. Rc7+ Kb8 35. Rxc6 Bxe3 36. fxe3 Ra2+ 37. Kf3 Rxh2 38. Rxe6 Rd2 39. c6 1-0

[Event "Sitges Sunway 7th"]
[Site "Sitges"]
[Date "2020.12.16"]
[Round "4"]
[White "Serrano Aspa, Xavier"]
[Black "Calvo Gonzalez, Jose Felix"]
[Result "1-0"]
[WhiteElo "2061"]
[BlackElo "1811"]
[PlyCount "81"]
[EventDate "2020.12.13"]
[EventType "swiss"]
[EventRounds "10"]
[EventCountry "ESP"]
[SourceTitle "CBM 199 Extra"]
[Source "ChessBase"]
[SourceDate "2021.01.31"]
[SourceVersion "1"]
[SourceVersionDate "2021.01.31"]
[SourceQuality "1"]

1. Nf3 Nf6 2. b3 d5 3. Bb2 g6 4. e3 Bg7 5. c4 c6 6. Be2 0-0 7. 0-0 Bg4 8. Ne5 Bxe2 9. Qxe2 Nfd7 10. f4 Nxe5 11. fxe5 c5 12. d4 cxd4 13. exd4 Nc6 14. Rd1 Qb6 15. cxd5 Nxe5 16. Nc3 Nd7 17. Qxe7 Rad8 18. Na4 Qb5 19. Nc3 Qb6 20. Qh4 Nf6 21. Ba3 Rfe8 22. Bc5 Qa5 23. b4 Qa3 24. Nb5 Qe3+ 25. Kh1 g5 26. Qe1 Nxd5 27. Nd6 Qxe1+ 28. Rxe1 Rxe1+ 29. Rxe1 b6 30. Nb7 bxc5 31. Nxd8 cxd4 32. Nc6 Kf8 33. Rd1 Nc3 34. Rd3 Nxa2 35. b5 Ke8 36. Nxd4 Nc3 37. Nc6 Bf6 38. Nxa7 Na4 39. g4 Be5 40. Re3 f6 41. Nc6 1-0

[Event "ESP-ch U12"]
[Site "Salobrena"]
[Date "2020.08.01"]
[Round "9"]
[White "Habans Aguerrea, Javier"]
[Black "Calvo Gonzalez, Jose Felix"]
[Result "1-0"]
[WhiteElo "2181"]
[BlackElo "1762"]
[PlyCount "85"]
[EventDate "2020.07.27"]
[EventType "swiss"]
[EventRounds "9"]
[EventCountry "ESP"]
[SourceTitle "EXT 2021"]
[Source "ChessBase"]
[SourceDate "2020.10.23"]
[SourceVersion "1"]
[SourceVersionDate "2020.10.23"]
[SourceQuality "1"]

1. d4 Nf6 2. Bg5 e6 3. e4 c5 4. d5 h6 5. Bxf6 Qxf6 6. Nc3 a6 7. Nf3 e5 8. a4 b6 9. Bd3 d6 10. Nd2 Qd8 11. Nc4 Nd7 12. Ne3 g6 13. Qe2 Nf6 14. g4 h5 15. g5 Ng4 16. Nc4 Qxg5 17. Nxb6 Rb8 18. Nxc8 Rxc8 19. Bxa6 Rb8 20. Bb5+ Ke7 21. a5 Bh6 22. h3 Nh2 23. f3 Qg3+ 24. Qf2 Nxf3+ 25. Kf1 Nd2+ 26. Ke2 Qxf2+ 27. Kxf2 Nxe4+ 28. Nxe4 Rxb5 29. Ra2 Ra8 30. a6 Ra7 31. b3 f5 32. Nc3 Rb6 33. Rha1 e4 34. Ra5 Bg7 35. Nb5 Raxa6 36. Rxa6 Rxb5 37. Ra7+ Kf6 38. R1a6 Bf8 39. Ra8 e3+ 40. Kxe3 Bh6+ 41. Kf3 Ke5 42. Re8+ Kxd5 43. c4+ 1-0

[Event "Alcorcon Spring op-B 1st"]
[Site "Alcorcon"]
[Date "2019.04.28"]
[Round "5"]
[White "Calvo Gonzalez, Jose Felix"]
[Black "Lavado Pena, David"]
[Result "1-0"]
[WhiteElo "1571"]
[BlackElo "1168"]
[PlyCount "63"]
[EventDate "2019.03.24"]
[EventType "swiss"]
[EventRounds "9"]
[EventCountry "ESP"]
[SourceTitle "EXT 2020"]
[Source "ChessBase"]
[SourceDate "2019.10.17"]
[SourceVersion "1"]
[SourceVersionDate "2019.10.17"]
[SourceQuality "1"]

1. e4 c5 2. Nf3 Nc6 3. Bb5 g6 4. 0-0 Bg7 5. c4 Nf6 6. Re1 0-0 7. Nc3 d6 8. Bxc6 bxc6 9. d4 cxd4 10. Nxd4 Qb6 11. Nb3 Be6 12. Be3 Qb4 13. c5 Nxe4 14. Nxe4 Qxe4 15. cxd6 exd6 16. Qxd6 Qd5 17. Red1 Qb5 18. Nd4 Qa4 19. Nxe6 fxe6 20. Qxe6+ Kh8 21. Rd7 Rae8 22. Qb3 Qe4 23. Rad1 Bf6 24. Rf7 Rxf7 25. Qxf7 Qe7 26. Qxe7 Rxe7 27. Rd8+ Kg7 28. Ra8 Bd4 29. Bxd4+ Kh6 30. Be3+ Kh5 31. Rxa7 Re5 32. Rxh7+ 1-0